000 00451nam a22001817a 4500
999 _c7834
_d7832
005 20210904142943.0
008 210823b ||||| |||| 00| 0 eng d
020 _a9781847667465
041 _aeng
082 _a343.420
100 _aROOTS, GUY. R. G. AND OTHERS
_96562
245 _aTHE LAW OF COMPULSORY PURCHESE
250 _a2nd Ed.
260 _aW.S.
_bBLOOMSBURY PROFESSIONAL
_c2011
300 _a725;p
650 _aLAW
_95701
942 _cBK